000 00884cab a2200301 4500
001 ABS49724
008 090401t1993 xxu||||| |||| 00| 0 eng d
035 _a(Sirsi) u72523
041 _aeng
100 _aSanghrajka, J.
245 _aStructuring UK real estate investment for non-residents
260 _c1993
350 _a0
490 _aSolicitors` Journal
_v137(43) 12 November 1993, 1137-1138(2)
520 _aReminder of taxes, which apply to non-resident investors in UK property. First of two articles.
650 _aCAPITAL GAINS TAX
650 _aINCOME TAX
650 _aINHERITANCE TAX
650 _aNON-RESIDENTS
650 _aOFF-SHORE COMPANIES
650 _aRENTAL INCOME
650 _aTAX LIABILITY
690 _aPROPERTY-PROPERTY FINANCE AND INVESTMENT
690 _aTAXATION
700 _aStepien, K.
942 _n0
948 _c04/03/1997
999 _c45831
_d45831